[Event "CZE-chT2C 2223"]
[Site "Czech Republic"]
[Date "2023.02.19"]
[Round "9.4"]
[White "Filipi, Stepan"]
[Black "Urban, Zdenek"]
[Result "1-0"]
[WhiteElo "2214"]
[BlackElo "2094"]
[PlyCount "59"]
[EventDate "2022.10.16"]
[EventType "team-tourn"]
[EventRounds "11"]
[EventCountry "CZE"]
[SourceTitle "EXT 2024"]
[Source "ChessBase"]
[SourceDate "2023.10.10"]
[SourceVersion "1"]
[SourceVersionDate "2023.10.10"]
[SourceQuality "1"]
[WhiteTeam "Vysehrad"]
[BlackTeam "Jicin"]
[WhiteTeamCountry "CZE"]
[BlackTeamCountry "CZE"]

1. e4 d6 2. d4 Nf6 3. Nc3 e5 4. Nf3 Nbd7 5. Be2 Be7 6. g4 c6 7. g5 Ng8 8. Rg1 g6 9. h4 h5 10. Be3 a6 11. a4 a5 12. Nd2 Nf8 13. Nc4 Be6 14. d5 Bc8 15. Bb6 Qd7 16. Rg3 f6 17. dxc6 bxc6 18. Rd3 Ne6 19. Nxd6+ Bxd6 20. Rxd6 Qb7 21. Bc4 Qxb6 22. Bxe6 fxg5 23. Bxc8 Rxc8 24. Re6+ Ne7 25. Nd5 Qb7 26. Rxe7+ Qxe7 27. Nxe7 Kxe7 28. Qd2 gxh4 29. Qg5+ Kf7 30. 0-0-0 1-0

[Event "CZE-chT2C 2223"]
[Site "Czech Republic"]
[Date "2022.12.04"]
[Round "4.5"]
[White "Urban, Zdenek"]
[Black "Malac, Petr"]
[Result "1/2-1/2"]
[WhiteElo "2113"]
[BlackElo "2001"]
[PlyCount "76"]
[EventDate "2022.10.16"]
[EventType "team-tourn"]
[EventRounds "11"]
[EventCountry "CZE"]
[SourceTitle "EXT 2024"]
[Source "ChessBase"]
[SourceDate "2023.10.10"]
[SourceVersion "1"]
[SourceVersionDate "2023.10.10"]
[SourceQuality "1"]
[WhiteTeam "Jicin"]
[BlackTeam "Mlada Boleslav"]
[WhiteTeamCountry "CZE"]
[BlackTeamCountry "CZE"]

1. d4 Nf6 2. Nf3 e6 3. c4 d5 4. Nc3 Be7 5. Bg5 Nbd7 6. e3 0-0 7. Bd3 dxc4 8. Bxc4 b6 9. 0-0 Bb7 10. Qe2 Ne4 11. Bf4 Nxc3 12. bxc3 Bd6 13. Bxd6 cxd6 14. Rac1 Qe7 15. Nd2 Rac8 16. Bd3 Nf6 17. e4 e5 18. Qe3 g6 19. f4 Nh5 20. fxe5 dxe5 21. g3 Qe6 22. d5 Qe7 23. Rf2 Rc5 24. Nb3 Rc7 25. c4 Rfc8 26. Rfc2 Nf6 27. c5 bxc5 28. Rxc5 Rxc5 29. Rxc5 Ne8 30. Ra5 Nd6 31. Rxa7 Rc7 32. Ba6 Bc8 33. Rxc7 Qxc7 34. Bxc8 Qxc8 35. Qc5 Qa6 36. Qc6 Qe2 37. Qxd6 Qe1+ 38. Kg2 Qe2+ 1/2-1/2

[Event "CZE-chT2C 2223"]
[Site "Czech Republic"]
[Date "2022.11.20"]
[Round "3.5"]
[White "Lastovka, Jan"]
[Black "Urban, Zdenek"]
[Result "0-1"]
[WhiteElo "2065"]
[BlackElo "2091"]
[PlyCount "66"]
[EventDate "2022.10.16"]
[EventType "team-tourn"]
[EventRounds "11"]
[EventCountry "CZE"]
[SourceTitle "EXT 2024"]
[Source "ChessBase"]
[SourceDate "2023.10.10"]
[SourceVersion "1"]
[SourceVersionDate "2023.10.10"]
[SourceQuality "1"]
[WhiteTeam "Liberec"]
[BlackTeam "Jicin"]
[WhiteTeamCountry "CZE"]
[BlackTeamCountry "CZE"]

1. e4 c5 2. Nc3 Nc6 3. g3 g6 4. Bg2 Bg7 5. Nge2 e6 6. 0-0 Nge7 7. Nf4 0-0 8. d3 Rb8 9. Be3 Nd4 10. h4 h6 11. h5 g5 12. Nh3 f5 13. exf5 Nexf5 14. g4 Nh4 15. f4 Qc7 16. Ne2 Nxg2 17. Kxg2 b6 18. c3 Bb7+ 19. Kg3 Qc6 20. Rf2 gxf4+ 21. Nexf4 Nb5 22. Qe2 Qd6 23. Raf1 Nc7 24. Bd2 Nd5 25. g5 hxg5 26. Nxg5 Rf5 27. Qg4 Nf6 28. Qh4 Bh6 29. Ngh3 Kf7 30. Rf3 Rxh5 31. Qxh5+ Nxh5+ 32. Kh4 Nxf4 33. Nxf4 Bxf3 0-1

[Event "CZE-ch Amateur"]
[Site "Luhacovice"]
[Date "2022.03.12"]
[Round "1"]
[White "Hrancik, Martin"]
[Black "Urban, Zdenek"]
[Result "0-1"]
[WhiteElo "1444"]
[BlackElo "2093"]
[PlyCount "44"]
[EventDate "2022.03.12"]
[EventType "swiss"]
[EventRounds "9"]
[EventCountry "CZE"]
[SourceTitle "EXT 2023"]
[Source "ChessBase"]
[SourceDate "2022.10.05"]
[SourceVersion "1"]
[SourceVersionDate "2022.10.05"]
[SourceQuality "1"]

1. d4 Nf6 2. c4 g6 3. Nc3 d5 4. cxd5 Nxd5 5. Nxd5 Qxd5 6. e3 Nd7 7. Qa4 Bg7 8. Nf3 0-0 9. Bc4 Qd6 10. 0-0 Nb6 11. Qb3 Nxc4 12. Qxc4 Be6 13. Qc2 Rfd8 14. b3 Rac8 15. Bb2 Bg4 16. Nd2 c5 17. Qe4 Be2 18. Rfe1 Ba6 19. Ba3 Qd7 20. Bxc5 Rxc5 21. dxc5 Bxa1 22. Nf3 Bc3 0-1

[Event "CZE-chT2C 1920"]
[Site "Czech Republic"]
[Date "2020.02.23"]
[Round "9.6"]
[White "Stejskal, Pavel"]
[Black "Urban, Zdenek"]
[Result "0-1"]
[WhiteElo "1968"]
[BlackElo "2110"]
[PlyCount "100"]
[EventDate "2019.10.13"]
[EventType "team-tourn"]
[EventRounds "11"]
[EventCountry "CZE"]
[SourceTitle "EXT 2024"]
[Source "ChessBase"]
[SourceDate "2023.10.10"]
[SourceVersion "1"]
[SourceVersionDate "2023.10.10"]
[SourceQuality "1"]
[WhiteTeam "Kobylisy II"]
[BlackTeam "Jicin"]
[WhiteTeamCountry "CZE"]
[BlackTeamCountry "CZE"]

1. e4 c6 2. d4 d5 3. Nc3 dxe4 4. Nxe4 Nf6 5. Nxf6+ exf6 6. Nf3 Bd6 7. Be2 0-0 8. 0-0 Re8 9. c4 Bg4 10. a3 Nd7 11. Re1 Nf8 12. Be3 Ne6 13. Qc2 Nf4 14. Bxf4 Bxf4 15. Rad1 Qa5 16. Qc3 Qxc3 17. bxc3 Kf8 18. h3 Bh5 19. Kf1 Re7 20. Bd3 Bxf3 21. gxf3 Rxe1+ 22. Rxe1 g6 23. Rb1 b6 24. Ke2 Re8+ 25. Kd1 f5 26. Kc2 Re7 27. a4 Ke8 28. Rd1 Kd7 29. Rb1 c5 30. Rd1 Kc6 31. Rb1 Bc7 32. Kd2 Bf4+ 33. Kc2 Bc7 34. Kd2 Rd7 35. d5+ Kd6 36. Re1 Re7 37. Rxe7 Kxe7 38. Ke3 Be5 39. f4 Bxc3 40. Be2 h5 41. Bf3 Bd4+ 42. Ke2 Kd6 43. Bg2 h4 44. Kf3 Bf6 45. Ke3 Be7 46. Bf3 Kd7 47. Bg2 Bd6 48. Bf1 Kc7 49. Bd3 Kb7 50. Bc2 Ka6 0-1

[Event "CZE-chT2C 1920"]
[Site "Czech Republic"]
[Date "2019.11.03"]
[Round "2.6"]
[White "Finek, Vaclav"]
[Black "Urban, Zdenek"]
[Result "1/2-1/2"]
[WhiteElo "2072"]
[BlackElo "2110"]
[PlyCount "88"]
[EventDate "2019.10.13"]
[EventType "team-tourn"]
[EventRounds "11"]
[EventCountry "CZE"]
[SourceTitle "EXT 2024"]
[Source "ChessBase"]
[SourceDate "2023.10.10"]
[SourceVersion "1"]
[SourceVersionDate "2023.10.10"]
[SourceQuality "1"]
[WhiteTeam "Liberec Desko"]
[BlackTeam "Jicin"]
[WhiteTeamCountry "CZE"]
[BlackTeamCountry "CZE"]

1. d4 d5 2. c4 c6 3. Nf3 Nf6 4. e3 g6 5. Bd3 Bg7 6. 0-0 0-0 7. Nc3 dxc4 8. Bxc4 b5 9. Bd3 Nbd7 10. Qe2 a6 11. Rd1 Qc7 12. Bd2 e5 13. Rac1 Re8 14. dxe5 Nxe5 15. Nxe5 Qxe5 16. h3 c5 17. Qf3 Ra7 18. Qf4 Qxf4 19. exf4 Rd7 20. Be3 Red8 21. Be2 Rxd1+ 22. Rxd1 Rxd1+ 23. Bxd1 c4 24. a3 Bb7 25. Bd4 Nd7 26. Bxg7 Kxg7 27. b4 cxb3 28. Bxb3 Nb6 29. f3 f5 30. Kf2 Nd7 31. Ke3 Kf6 32. Bd5 Bc8 33. Kd4 Ke7 34. Ba2 Kd6 35. Nd5 Bb7 36. Nb4 Nc5 37. Bg8 a5 38. Nd3 Nxd3 39. Kxd3 Bd5 40. Bxh7 Bf7 41. g4 Ke6 42. Kd4 Kf6 43. Kc5 b4 44. axb4 axb4 1/2-1/2

[Event "CZE-chT2C 1819"]
[Site "Czech Republic"]
[Date "2018.12.02"]
[Round "4.2"]
[White "Urban, Zdenek"]
[Black "Varejcko, Josef"]
[Result "1/2-1/2"]
[WhiteElo "2159"]
[BlackElo "2218"]
[PlyCount "88"]
[EventDate "2018.10.14"]
[EventType "team-tourn"]
[EventRounds "11"]
[EventCountry "CZE"]
[SourceTitle "EXT 2022"]
[Source "ChessBase"]
[SourceDate "2021.10.06"]
[SourceVersion "1"]
[SourceVersionDate "2021.10.06"]
[SourceQuality "1"]
[WhiteTeam "Jicin"]
[BlackTeam "Lipa"]
[WhiteTeamCountry "CZE"]
[BlackTeamCountry "CZE"]

1. c4 g6 2. Nc3 Bg7 3. g3 Nf6 4. Bg2 0-0 5. e4 d6 6. Nge2 c6 7. 0-0 Be6 8. d3 Qc8 9. f4 Bh3 10. e5 dxe5 11. fxe5 Nh5 12. Nf4 Bxg2 13. Kxg2 Nxf4+ 14. Bxf4 Qe6 15. Qb3 Nd7 16. d4 Nb6 17. d5 cxd5 18. cxd5 Qf5 19. Rad1 g5 20. Bc1 Qxe5 21. Rfe1 Qf5 22. Rxe7 g4 23. Rf1 Qh5 24. d6 Rac8 25. Be3 Rc6 26. Ne4 Nd5 27. Bg5 Qh3+ 28. Kg1 Bd4+ 29. Nf2 Rxd6 30. Be3 Bxe3 31. Rxe3 Qh5 32. Re2 Re6 33. Re4 Rg6 34. Nd3 Rh6 35. Rf2 Re6 36. Nc5 Rb6 37. Qc4 Nf6 38. Ref4 Qe5 39. Nd7 Qe1+ 40. Kg2 Nxd7 41. Rxf7 Rxf7 42. Qxf7+ Kh8 43. Qxd7 Qe4+ 44. Kg1 Qe1+ 1/2-1/2

[Event "CZE-chT2B 1718"]
[Site "Czech Republic"]
[Date "2018.04.08"]
[Round "11.2"]
[White "Slovak, Kilian"]
[Black "Urban, Zdenek"]
[Result "1-0"]
[WhiteElo "2266"]
[BlackElo "2180"]
[PlyCount "89"]
[EventDate "2017.10.15"]
[EventType "team-tourn"]
[EventRounds "11"]
[EventCountry "CZE"]
[SourceTitle "EXT 2022"]
[Source "ChessBase"]
[SourceDate "2021.10.06"]
[SourceVersion "1"]
[SourceVersionDate "2021.10.06"]
[SourceQuality "1"]
[WhiteTeam "Kobylisy"]
[BlackTeam "Jicin"]
[WhiteTeamCountry "CZE"]
[BlackTeamCountry "CZE"]

1. e4 d6 2. d4 Nf6 3. Nc3 e5 4. Nf3 Nbd7 5. Bc4 Be7 6. 0-0 0-0 7. Re1 c6 8. a4 a5 9. h3 Qb6 10. Be3 Qc7 11. Ba2 Re8 12. Ng5 Rf8 13. f4 h6 14. Nf3 Re8 15. Rf1 exd4 16. Bxd4 Nc5 17. Bxc5 dxc5 18. Ne5 Be6 19. Bxe6 fxe6 20. Qe2 Rad8 21. Qc4 Bf8 22. Rad1 Nd7 23. Nxd7 Rxd7 24. Rxd7 Qxd7 25. Rd1 Qc7 26. e5 Qb6 27. b3 Kf7 28. Rd7+ Re7 29. f5 Ke8 30. Rxe7+ Bxe7 31. fxe6 Qb4 32. Kf2 b6 33. Kf3 Bg5 34. Ke4 g6 35. Qxb4 cxb4 36. Ne2 Ke7 37. Nd4 c5 38. Nf3 Kxe6 39. Nxg5+ hxg5 40. g4 Ke7 41. Kd5 Kd7 42. e6+ Ke7 43. Ke5 b5 44. axb5 c4 45. b6 1-0

[Event "CZE-chT2B 1718"]
[Site "Czech Republic"]
[Date "2018.02.11"]
[Round "8.2"]
[White "Urban, Zdenek"]
[Black "Kucera, Petr3333"]
[Result "1/2-1/2"]
[WhiteElo "2180"]
[BlackElo "2234"]
[PlyCount "55"]
[EventDate "2017.10.15"]
[EventType "team-tourn"]
[EventRounds "11"]
[EventCountry "CZE"]
[SourceTitle "EXT 2022"]
[Source "ChessBase"]
[SourceDate "2021.10.06"]
[SourceVersion "1"]
[SourceVersionDate "2021.10.06"]
[SourceQuality "1"]
[WhiteTeam "Jicin"]
[BlackTeam "Turnov Zikuda II"]
[WhiteTeamCountry "CZE"]
[BlackTeamCountry "CZE"]

1. d4 Nf6 2. c4 e6 3. g3 Bb4+ 4. Bd2 Qe7 5. Bg2 Nc6 6. a3 Bxd2+ 7. Qxd2 e5 8. Nf3 d6 9. Nc3 0-0 10. 0-0 Re8 11. e3 Na5 12. Nd5 Nxd5 13. Qxa5 Nf6 14. dxe5 dxe5 15. Rad1 Bg4 16. h3 b6 17. Qc3 Bxf3 18. Bxf3 e4 19. Be2 c5 20. Rd2 Rad8 21. Rfd1 Rxd2 22. Qxd2 a5 23. Qd6 Qxd6 24. Rxd6 Re6 25. Rd8+ Re8 26. Rd6 Re6 27. Rd8+ Re8 28. Rd6 1/2-1/2

[Event "CZE-chT2B 1617"]
[Site "Czech Republic"]
[Date "2017.04.02"]
[Round "11.3"]
[White "Urban, Zdenek"]
[Black "Kucera, Petr3333"]
[Result "1/2-1/2"]
[WhiteElo "2183"]
[BlackElo "2279"]
[PlyCount "108"]
[EventDate "2016.10.09"]
[EventType "team-tourn"]
[EventRounds "11"]
[EventCountry "CZE"]
[SourceTitle "EXT 2022"]
[Source "ChessBase"]
[SourceDate "2021.10.06"]
[SourceVersion "1"]
[SourceVersionDate "2021.10.06"]
[SourceQuality "1"]
[WhiteTeam "Jicin IV"]
[BlackTeam "Turnov Zikuda II"]
[WhiteTeamCountry "CZE"]
[BlackTeamCountry "CZE"]

1. d4 Nf6 2. c4 e6 3. Nf3 b6 4. g3 Ba6 5. Qa4 Be7 6. Nc3 Bb7 7. Bg2 0-0 8. 0-0 c5 9. Rd1 cxd4 10. Nxd4 Bxg2 11. Kxg2 Qc8 12. f3 Nc6 13. Nxc6 Qxc6 14. Qxc6 dxc6 15. a3 Rfd8 16. Bf4 Ne8 17. Ne4 f5 18. Nf2 Bf6 19. Rxd8 Rxd8 20. Rd1 Rxd1 21. Nxd1 e5 22. Be3 Nc7 23. b3 Kf7 24. a4 Na6 25. a5 bxa5 26. Bxa7 Be7 27. Bb6 Nc5 28. Bxc5 Bxc5 29. Nf2 Bxf2 30. Kxf2 Ke6 31. Ke3 Kd6 32. f4 exf4+ 33. Kxf4 g6 34. g4 fxg4 35. Kxg4 Ke5 36. Kg5 Kd4 37. Kh6 Kc3 38. e4 Kxb3 39. e5 a4 40. e6 a3 41. e7 a2 42. e8Q a1Q 43. Qxc6 Qe1 44. Qb5+ Ka3 45. c5 Qh4+ 46. Kg7 Qxh2 47. c6 Qc7+ 48. Kf6 Qd6+ 49. Kf7 Qc7+ 50. Ke6 Qc8+ 51. Kd5 Qf5+ 52. Kc4 Qf1+ 53. Kc5 Qf8+ 54. Kd4 Qf4+ 1/2-1/2

[Event "CZE-chT1W 1617"]
[Site "Czech Republic"]
[Date "2017.03.26"]
[Round "10.5"]
[White "Cuhra, Martin"]
[Black "Urban, Zdenek"]
[Result "1/2-1/2"]
[WhiteElo "2180"]
[BlackElo "2200"]
[PlyCount "133"]
[EventDate "2016.10.16"]
[EventType "team-tourn"]
[EventRounds "11"]
[EventCountry "CZE"]
[SourceTitle "CBM 177 Extra"]
[Source "ChessBase"]
[SourceDate "2017.04.27"]
[SourceVersion "1"]
[SourceVersionDate "2017.04.27"]
[SourceQuality "1"]
[WhiteTeam "Ceske Budejovice"]
[BlackTeam "Praha Smichov"]
[WhiteTeamCountry "CZE"]
[BlackTeamCountry "CZE"]

1. e4 c5 2. Nf3 e6 3. d4 cxd4 4. Nxd4 Nf6 5. Bd3 Nc6 6. Nxc6 dxc6 7. 0-0 e5 8. Nd2 Be6 9. Qe2 Qc7 10. b3 Bc5 11. Bb2 0-0 12. Kh1 b5 13. Nf3 Bg4 14. h3 Bxf3 15. Qxf3 Rad8 16. a4 a6 17. axb5 axb5 18. Ra6 Rfe8 19. Qf5 Bd4 20. Bxd4 Rxd4 21. Rfa1 Qd6 22. Kh2 g6 23. Qf3 Rb8 24. g4 Nd7 25. Kg2 Nc5 26. Ra7 Rf8 27. Rd1 Ne6 28. Kh2 Nf4 29. Rda1 Rd8 30. Rb7 Rd7 31. Raa7 Rxb7 32. Rxb7 Qb4 33. Qe3 Kg7 34. Kh1 h6 35. Kh2 g5 36. h4 gxh4 37. Bc4 Rxc4 38. bxc4 Qxc4 39. Qb3 Qxb3 40. cxb3 Ne6 41. Kh3 Nc5 42. Rb6 Nxb3 43. Rxc6 Nd2 44. Kxh4 Nxe4 45. f3 Ng5 46. Kg3 Ne6 47. Rb6 Nd4 48. Kf2 f6 49. Ke3 Nc2+ 50. Kd3 Ne1+ 51. Ke4 Ng2 52. Rxb5 Kg6 53. Rb2 Nf4 54. Rb8 h5 55. gxh5+ Nxh5 56. Rg8+ Kf7 57. Ra8 Kg6 58. Ra4 Ng3+ 59. Ke3 Nh5 60. Rh4 f5 61. Ra4 Ng3 62. Ra8 f4+ 63. Kd3 Kf5 64. Rb8 Ke6 65. Rb6+ Kd5 66. Rb5+ Ke6 67. Ra5 1/2-1/2

[Event "CZE-chT2B 1617"]
[Site "Czech Republic"]
[Date "2017.03.19"]
[Round "10.5"]
[White "Shanel, Jaroslav"]
[Black "Urban, Zdenek"]
[Result "1-0"]
[WhiteElo "2184"]
[BlackElo "2183"]
[PlyCount "47"]
[EventDate "2016.10.09"]
[EventType "team-tourn"]
[EventRounds "11"]
[EventCountry "CZE"]
[SourceTitle "EXT 2022"]
[Source "ChessBase"]
[SourceDate "2021.10.06"]
[SourceVersion "1"]
[SourceVersionDate "2021.10.06"]
[SourceQuality "1"]
[WhiteTeam "Bartos Unichess II"]
[BlackTeam "Jicin IV"]
[WhiteTeamCountry "CZE"]
[BlackTeamCountry "CZE"]

1. e4 c5 2. Nf3 e6 3. c3 d5 4. exd5 Qxd5 5. d4 Nc6 6. Be2 Nf6 7. 0-0 cxd4 8. cxd4 Be7 9. Nc3 Qa5 10. Bf4 0-0 11. Bd3 Nb4 12. Bb1 Rd8 13. Ne5 Qb6 14. Qf3 Nc6 15. Ne4 Nxd4 16. Nxf6+ Bxf6 17. Bxh7+ Kf8 18. Qh5 g6 19. Bxg6 Qxb2 20. Qh7 Bg7 21. Bh5 Nf5 22. Rad1 Rd5 23. Ng6+ fxg6 24. Qxg6 1-0

[Event "CZE-chT1W 1617"]
[Site "Czech Republic"]
[Date "2017.02.05"]
[Round "7.1"]
[White "Haba, Zdenek"]
[Black "Urban, Zdenek"]
[Result "1/2-1/2"]
[WhiteElo "2173"]
[BlackElo "2200"]
[PlyCount "138"]
[EventDate "2016.10.16"]
[EventType "team-tourn"]
[EventRounds "11"]
[EventCountry "CZE"]
[SourceTitle "CBM 177 Extra"]
[Source "ChessBase"]
[SourceDate "2017.04.27"]
[SourceVersion "1"]
[SourceVersionDate "2017.04.27"]
[SourceQuality "1"]
[WhiteTeam "Neratovice"]
[BlackTeam "Praha Smichov"]
[WhiteTeamCountry "CZE"]
[BlackTeamCountry "CZE"]

1. d4 Nf6 2. c4 e6 3. g3 d5 4. Bg2 c6 5. Nf3 Nbd7 6. Nbd2 Bd6 7. 0-0 0-0 8. b3 b6 9. Bb2 Bb7 10. Ne5 Qe7 11. e4 dxe4 12. Nxd7 Qxd7 13. Nxe4 Be7 14. Qc2 Rfd8 15. Rfd1 Rac8 16. Nxf6+ Bxf6 17. Be4 h6 18. c5 Qc7 19. b4 Ba6 20. a4 bxc5 21. Qxc5 Be7 22. Qc3 Qb6 23. Ba3 Bf6 24. Bb2 Rb8 25. Bxc6 Qxb4 26. Bb5 Qxc3 27. Bxc3 Bxb5 28. axb5 Rxb5 29. Rxa7 e5 30. d5 Rbxd5 31. Rxd5 Rxd5 32. Ra8+ Kh7 33. h4 Kg6 34. Ra7 h5 35. Kg2 Rb5 36. Rc7 Bd8 37. Rc8 Bf6 38. Rc7 Rd5 39. Kf1 Bd8 40. Rb7 f6 41. Bb4 f5 42. Bf8 Bf6 43. Be7 f4 44. Bxf6 Kxf6 45. gxf4 exf4 46. Kg2 Rd3 47. Rb5 g6 48. Ra5 Rd1 49. Rb5 Re1 50. Ra5 Re5 51. Ra8 Re1 52. Rf8+ Ke7 53. Rxf4 Ra1 54. Rb4 Kf6 55. Rf4+ Ke5 56. Rf8 Ra4 57. Kg3 Rg4+ 58. Kh3 Rf4 59. Rg8 Kf5 60. Kg3 Rg4+ 61. Kh3 Ke4 62. Rf8 Rf4 63. Rg8 Rf6 64. Kg3 Ra6 65. f3+ Ke5 66. Re8+ Kf6 67. Rf8+ Ke7 68. Rb8 Kf6 69. Rf8+ Ke7 1/2-1/2

[Event "Wch Seniors 50 26th"]
[Site "Marianske Lazne"]
[Date "2016.11.28"]
[Round "9"]
[White "Urban, Zdenek"]
[Black "Hoffmann, Michael3333"]
[Result "1-0"]
[WhiteElo "2205"]
[BlackElo "1920"]
[PlyCount "33"]
[EventDate "2016.11.19"]
[EventType "swiss"]
[EventRounds "11"]
[EventCountry "CZE"]
[SourceTitle "CBM 175 Extra"]
[Source "ChessBase"]
[SourceDate "2016.12.12"]
[SourceVersion "1"]
[SourceVersionDate "2016.12.12"]
[SourceQuality "1"]

1. d4 d5 2. c4 e6 3. Nf3 c6 4. g3 Nf6 5. Bg2 Be7 6. Nc3 0-0 7. 0-0 b6 8. Ne5 Bb7 9. e4 Nbd7 10. Nxc6 Bxc6 11. exd5 exd5 12. cxd5 Bb7 13. d6 Bxg2 14. dxe7 Qxe7 15. Kxg2 Rad8 16. Re1 Qd6 17. Be3 1-0

[Event "Wch Seniors 50 26th"]
[Site "Marianske Lazne"]
[Date "2016.11.27"]
[Round "8"]
[White "Kylar, Miroslav"]
[Black "Urban, Zdenek"]
[Result "0-1"]
[WhiteElo "1851"]
[BlackElo "2205"]
[PlyCount "86"]
[EventDate "2016.11.19"]
[EventType "swiss"]
[EventRounds "11"]
[EventCountry "CZE"]
[SourceTitle "CBM 175 Extra"]
[Source "ChessBase"]
[SourceDate "2016.12.12"]
[SourceVersion "1"]
[SourceVersionDate "2016.12.12"]
[SourceQuality "1"]

1. d4 d5 2. c4 c6 3. cxd5 cxd5 4. Nc3 Nf6 5. Nf3 Nc6 6. Bf4 a6 7. e3 g6 8. Bd3 Bg7 9. Ne5 0-0 10. Nxc6 bxc6 11. Be5 Nd7 12. Bxg7 Kxg7 13. 0-0 e5 14. dxe5 Nxe5 15. Be2 Rb8 16. Qd4 Qf6 17. Na4 a5 18. a3 Bf5 19. Rac1 Rfe8 20. Rc5 Nd7 21. Qxf6+ Nxf6 22. Rxa5 Bc2 23. Rc1 Bxa4 24. Rxa4 Rxb2 25. Bf3 Reb8 26. Rd4 Ra2 27. Rb4 Ra8 28. g4 Nd7 29. Bd1 Ne5 30. Ra4 Rb8 31. Rb4 Rxb4 32. axb4 Nd3 33. Rb1 Nxf2 34. b5 cxb5 35. Bf3 Nh3+ 36. Kh1 Ra3 37. Bxd5 Rxe3 38. Rxb5 Nf4 39. Rb1 Nxd5 40. Kg2 g5 41. Rb5 Rd3 42. Kf2 h6 43. Ke2 Nc3+ 0-1

[Event "CZE-chT2B 1516"]
[Site "Czech Republic"]
[Date "2016.04.17"]
[Round "11.6"]
[White "Marsalek, Zdenek"]
[Black "Urban, Zdenek"]
[Result "1/2-1/2"]
[WhiteElo "2172"]
[BlackElo "2127"]
[PlyCount "21"]
[EventDate "2015.10.18"]
[EventType "team-tourn"]
[EventRounds "11"]
[EventCountry "CZE"]
[SourceTitle "EXT 2022"]
[Source "ChessBase"]
[SourceDate "2021.10.06"]
[SourceVersion "1"]
[SourceVersionDate "2021.10.06"]
[SourceQuality "1"]
[WhiteTeam "Turnov Zikuda II"]
[BlackTeam "Jicin III"]
[WhiteTeamCountry "CZE"]
[BlackTeamCountry "CZE"]

1. e4 e6 2. d4 d5 3. Nc3 dxe4 4. Nxe4 Nf6 5. Nxf6+ Qxf6 6. Nf3 h6 7. Bd3 Bd6 8. 0-0 Nc6 9. c3 0-0 10. Qe2 Bd7 11. Re1 1/2-1/2

[Event "CZE-ch Seniors 50"]
[Site "Rychnov nad Kneznou"]
[Date "2015.08.21"]
[Round "7"]
[White "Urban, Zdenek"]
[Black "Dolezal, Rudolf"]
[Result "1-0"]
[WhiteElo "2128"]
[BlackElo "1758"]
[PlyCount "27"]
[EventDate "2015.08.15"]
[EventType "swiss"]
[EventRounds "9"]
[EventCountry "CZE"]
[SourceTitle "EXT 2016"]
[Source "ChessBase"]
[SourceDate "2015.10.08"]
[SourceVersion "1"]
[SourceVersionDate "2015.10.08"]
[SourceQuality "1"]

1. e4 d6 2. d4 e6 3. c4 Be7 4. Nf3 c5 5. Be3 Nc6 6. dxc5 dxc5 7. Qxd8+ Nxd8 8. Nc3 Nf6 9. e5 Nd7 10. Nb5 0-0 11. 0-0-0 Nc6 12. Bf4 a6 13. Nd6 h6 14. Nxc8 1-0

[Event "CZE-chT2D 1415"]
[Site "Czech Republic"]
[Date "2015.02.22"]
[Round "8.2"]
[White "Urban, Zdenek"]
[Black "Siebenburger, Vlastimil"]
[Result "1/2-1/2"]
[WhiteElo "2148"]
[BlackElo "2095"]
[PlyCount "119"]
[EventDate "2014.11.02"]
[EventType "team-tourn"]
[EventRounds "11"]
[EventCountry "CZE"]
[SourceTitle "EXT 2022"]
[Source "ChessBase"]
[SourceDate "2021.10.06"]
[SourceVersion "1"]
[SourceVersionDate "2021.10.06"]
[SourceQuality "1"]
[WhiteTeam "Jicin II"]
[BlackTeam "Zdar nad Sazavou"]
[WhiteTeamCountry "CZE"]
[BlackTeamCountry "CZE"]

1. e4 c5 2. Nf3 Nc6 3. d4 cxd4 4. Nxd4 Nf6 5. Nc3 e5 6. Ndb5 d6 7. Nd5 Nxd5 8. exd5 Nb8 9. c4 Be7 10. Be3 a6 11. Nc3 0-0 12. Be2 Bg5 13. Qd2 Bxe3 14. Qxe3 f5 15. 0-0 Nd7 16. b4 f4 17. Qd2 Nf6 18. Kh1 b6 19. Rac1 Kh8 20. Bf3 Bg4 21. Qe2 Qd7 22. Bxg4 Nxg4 23. Ne4 f3 24. gxf3 Nh6 25. Ng5 Rf4 26. Ne6 Rh4 27. Rg1 Nf5 28. Rg4 Rh5 29. Rcg1 g6 30. f4 Ng7 31. fxe5 Nxe6 32. dxe6 Qxe6 33. Qf3 Re8 34. exd6 Qxd6 35. R1g3 Rf5 36. Qc3+ Kg8 37. Re3 Rxe3 38. Qxe3 Qxb4 39. Rd4 Rf7 40. Rd8+ Rf8 41. Qe6+ Kh8 42. Qe5+ Kg8 43. Rd7 Rf7 44. Qe6 Qb1+ 45. Kg2 Qf5 46. Qxf5 Rxf5 47. Rd6 Ra5 48. Rxb6 Rxa2 49. c5 Rc2 50. c6 a5 51. Kf3 Kf7 52. Rb7+ Ke6 53. Rxh7 Rxc6 54. Ra7 Rc5 55. Ke4 Rh5 56. Ra6+ Kf7 57. f4 Rxh2 58. Rxa5 Re2+ 59. Kf3 Re6 60. Kg4 1/2-1/2